000 00411nam a2200169Ia 4500
008 230524s9999 xx 000 0 und d
082 _a621.395
_bLEU
100 _aBosco Leung
245 0 _aVLSI for Wireless Communication
250 _a1ST
260 _aNEW DELHI
_bPearson
_c2004
300 _a711
500 _aQuantity Number: 2
650 _aElectronics
700 _a Charles G.Sodini
942 _cBK
999 _c26207
_d26207